Manual de derecho del trabajo: derecho individual

Gardado en:
Detalles Bibliográficos
Autor Principal: Rojas Miño, Irene (autora)
Formato: Libro
Idioma:Lingua castelá
Publicado: Santiago LexisNexis 2004
Subjects:
Tags: Engadir etiqueta
Sen Etiquetas, Sexa o primeiro en etiquetar este rexistro!

MARC

LEADER 00000nam a2200000 a 4500
001 UCL8655
003 CL-VaPUC
008 040702e20040000CL |||||||||||||||||spa|d
020 |a 9562384632 
082 0 4 |a 344.8301  |b ROJ  |2 21 
100 |a Rojas Miño, Irene  |e autora  |9 896881 
245 1 0 |a Manual de derecho del trabajo: derecho individual 
300 |a 309 p 
942 |c BK 
945 |d 20040702 00:00:00  |a cmena 
260 |a Santiago  |b LexisNexis  |c 2004 
650 0 |a Derecho laboral chileno   |9 476826 
650 0 |a Contratos de trabajo  |9 254966 
650 0 |a Derecho civil  |9 255013 
650 0 |a Jurisprudencia  |9 255952 
650 7 |a REMUNERACIONES  |2 CL-VaPUC  |9 371777 
650 0 |a Normas jurídicas  |9 258310 
583 |a last modification  |c 20040702 00:00:00  |k Rodrigo Vera 
999 |c 309855  |d 309853 
952 |0 0  |1 0  |4 0  |6 344_830100000000000_ROJ_2004  |7 0  |8 A  |9 377636  |a BIBDER  |b BIBDER  |d 2019-11-21  |i 4033450  |o 344.8301 ROJ 2004  |p 4033450  |r 2023-01-25  |w 2019-11-21  |y BK  |k DER 
952 |0 0  |1 0  |4 0  |6 344_830100000000000_ROJ_2004  |7 0  |8 A  |9 377637  |a BIBDER  |b BIBDER  |d 2019-11-21  |i 4033469  |l 1  |o 344.8301 ROJ 2004  |p 4033469  |r 2023-01-25  |s 2022-05-12  |w 2019-11-21  |y BK  |k DER 
952 |0 0  |1 0  |4 0  |6 344_830100000000000_ROJ_2004  |7 0  |8 A  |9 377638  |a BIBDER  |b BIBDER  |d 2019-11-21  |i 4033477  |o 344.8301 ROJ 2004  |p 4033477  |r 2023-01-25  |w 2019-11-21  |y BK  |k DER 
952 |0 0  |1 0  |4 0  |6 344_830100000000000_ROJ_2004  |7 0  |8 A  |9 377639  |a BIBDER  |b BIBDER  |d 2019-11-21  |i 4033485  |l 1  |o 344.8301 ROJ 2004  |p 4033485  |r 2023-01-25  |s 2022-05-17  |w 2019-11-21  |y BK  |k DER 
952 |0 0  |1 0  |4 0  |6 344_830100000000000_ROJ_2004  |7 0  |8 A  |9 377640  |a BIBDER  |b BIBDER  |d 2019-11-21  |i 4046587  |o 344.8301 ROJ 2004  |p 4046587  |r 2023-01-25  |w 2019-11-21  |y BK  |k DER 
952 |0 0  |1 0  |4 0  |6 344_830100000000000_ROJ_2004  |7 0  |8 A  |9 377641  |a BIBDER  |b BIBDER  |d 2019-11-21  |i 4046595  |l 3  |o 344.8301 ROJ 2004  |p 4046595  |r 2023-01-25  |s 2022-05-13  |w 2019-11-21  |y BK  |k DER 
952 |0 0  |1 0  |4 0  |6 344_830100000000000_ROJ_2004  |7 0  |8 A  |9 377642  |a BIBDER  |b BIBDER  |d 2019-11-21  |i 4046609  |l 1  |o 344.8301 ROJ 2004  |p 4046609  |r 2023-01-25  |s 2022-04-01  |w 2019-11-21  |y BK  |k DER 
952 |0 0  |1 0  |4 0  |6 344_830100000000000_ROJ_2004  |7 0  |8 A  |9 377643  |a BIBDER  |b BIBDER  |d 2019-11-21  |i 4226909  |o 344.8301 ROJ 2004  |p 4226909  |r 2023-01-25  |w 2019-11-21  |y BK  |k DER